000 00579 a2200193 4500
001 63914
005 20260407155938.0
008 260407a1967 arg spa d
003 AR-UNSa-BCEJYS
040 _aAR-UNSa-BCEJYS
_bspa
_cAR-UNSa-BCEJYS
080 _a81'22
_xTeoría general de los signos en relación con la lingüística. Semiología. Semiótica
245 1 0 _aMensajes y señales
264 1 _aBarcelona :
_bSeix Barral
_c1967
300 _a185 p.
_c17 cm.
041 _aspa
942 _cBK
590 _aniveau_biblio:m niveau_hierar:0
100 1 _aPrieto, Luis J.
999 _c8352
_d8352